La favorita /

Đã lưu trong:
Chi tiết về thư mục
Tác giả chính: Burn, Johnnie (Nhà soạn nhạc)
Tác giả khác: Lanthimos, Yorgos (Giám đốc), Davis, Deborah, (1952- ) (Người viết kịch bản), Hoult, Nicholas (Diễn viên), Colman, Olivia (Diễn viên), Ryan, Robbie (Nhiếp ảnh gia), McNamara, Tony (Người viết kịch bản), Stone, Emma (Diễn viên), Weisz, Rachel (Diễn viên)
Định dạng: Luận văn Slide
Ngôn ngữ:Tiếng Italy
Tiếng Anh
Được phát hành: Italia : 20th Century Fox, 2019
Các nhãn: Thêm thẻ
Không có thẻ, Là người đầu tiên thẻ bản ghi này!

MARC

LEADER 00000ngm a22000007i 4500
001 IT\ICCU\UBO\4383914
003 ItRI
005 20260124182913.0
008 190531s2019 it |||||||||||||||k|||||c
024 3 1 |a 5051891169388 
028 4 2 |a 1000743990 
028 4 2 |a 5000260773 
040 |b ita 
041 7 |a ita  |a eng  |2 ISO-639-2 
082 |a 791.43  |9 CINEMA  |2 21 
100 1 |a Lanthimos, Yorgos  |0 IT\ICCU\MODV\660490  |4 drt 
240 1 4 |a The Favourite <film ; 2018>  |3 IT\ICCU\UBO\4383918 
245 1 3 |a La favorita /  |c directed by Yorgos Lanthimos ; sound designer Johnnie Burn ; director of photography Robbie Ryan ; written by Deborah Davis and Tony McNamara. 
260 |a Italia :  |b 20th Century Fox,  |c 2019 
300 |a 1 DVD-Video (circa 114 min) :  |b color., sonoro ;  |c in contenitore, 19 cm 
500 |a Caratteristiche tecniche: regione 2; PAL; 16:9, 1.85:1; 5.1 Dolby digital 
500 |a Lingue e sottotitoli: italiano, inglese 
500 |a Titolo del contenitore 
500 |a Interpreti: Olivia Colman, Nicholas Hoult, Emma Stone, Rachel Weisz 
500 |a Film del 2018 
502 |a Contenuti speciali: scene eliminate; la Favorita: film in costume, un punto dopo l'altro; trailer cinematografico 
700 1 |a Davis, Deborah,  |d  (1952- )  |0 IT\ICCU\CFIV\370827  |4 sce 
700 1 |a Hoult, Nicholas  |0 IT\ICCU\RAVV\346210  |4 act 
700 1 |a Colman, Olivia  |0 IT\ICCU\RAVV\541224  |4 act 
700 1 |a Ryan, Robbie  |0 IT\ICCU\RAVV\670938  |4 pht 
700 1 |a Burn, Johnnie  |0 IT\ICCU\TO1V\003486  |4 cmp 
700 1 |a McNamara, Tony  |0 IT\ICCU\TO1V\003490  |4 sce 
700 1 |a Stone, Emma  |0 IT\ICCU\UBOV\376182  |4 act 
700 1 |a Weisz, Rachel  |0 IT\ICCU\UBOV\493116  |4 act 
942 |2 ddc  |c VM  |n 0 
952 |0 0  |1 0  |4 0  |6 VO_2375_000000000000000  |7 0  |9 27836  |a BO  |b BO  |d 2026-01-24  |i 19172  |l 0  |o VO 2375  |p BO19172  |r 2026-01-24 18:29:13  |w 2026-01-24  |x [Sebina 5] [1 dvd]  |y VM  |z 1 dvd 
999 |c 23597  |d 23597